000 00347 a2200157 4500
001 156457
020 _a9788535719383
040 _cEscola São Tomás de Aquino
100 _aCEREJA, William Roberto
240 1 0 _aPortuguês
_lpor
245 1 0 _aPortuguês
300 _a256
362 0 _a2014
697 _aLíngua portuguesa
942 _cBK
999 _c156457
_d156457